000
00299nam a22001337a 4500
008
171020b xxu||||| |||| 00| 0 eng d
020
_a
9780321077356
041
_a
eng
080
_2
2ND
_a
338
100
_a
54
101
_a
MEN
245
_a
INDUSTRIAL ORGANIZATION
_c
WALDMAN,D.E
942
_2
udc
_c
BK
999
_c
35040
_d
35040